000 00297nam a2200133 4500
008 190522s ||||xo d
100 1 _aRosepree Rose
_91133
245 1 0 _aJak se zbavit pripoutanosti
260 _aPraha
250 _a1.vydanie
020 _c0
041 1 _acze
044 _axo
_cSK
999 _c22434
_d22434